The Language of stamp collecting

Bibliographic Details
Main Author: Rennie, David
Format: Book
Published: London : A Star Book , 1982
Subjects:

MARC

LEADER 00000cam a2200000 7i4500
001 0000071041
005 20030711.0
020 |a 035231088X 
090 0 0 |a 769.56   |b REN 
100 1 |a Rennie, David 
245 1 4 |a The Language of stamp collecting   |c David Rennie 
260 |a London :   |b A Star Book ,   |c 1982 
300 |a 112p. ;   |c 20cm. 
650 0 0 |a Stamp collecting   |x Dictionaries 
999 |a 00153487   |b BUKU   |c PINJAMAN   |e PERPUSTAKAAN KOMUNITI PETALING JAYA